000 00244nam a22001337a 4500
020 _a0
041 _aENG
100 _aJournal
245 _aMaeers Mit Pune
260 _aPune
_bPune
_c1996
300 _a161
650 _aGAE
856 _uGAE
999 _c294
_d294